00414nam a2200133 4500001000700000003000900007007000300016008004100019245009300060260003800153300003500191710002200226852003200248112801ES-MaACLt|061121s1982 sp r ||||1| spa d00aBartolomé Esteban Murillo y su escuela en Cádiz b: [exposición] Museo de Cádiz. aCádiz : bDiputación, c1982. a72 p. con 18 láms ; c23 cm.2 aMuseo de Cádiz. aES-MaACLjL-4114 bR.105015